Importancia sanitaria de la ` disalimentación` y descripción de un índice nuevo para determinar el estado de nutrición de la población escolar / (Record no. 111246)

MARC details
000 -LEADER
campo de control de longitud fija 00717nam a2200181 4500
001 - NÚMERO DE CONTROL
campo de control 111246
003 - IDENTIFICADOR DE NÚMERO DE CONTROL
campo de control ES-MaACL
005 - FECHA Y HORA DE LA ÚLTIMA TRANSACCIÓN
campo de control 20230906185253.0
007 - CAMPO FIJO DE DESCRIPCIÓN FÍSICA--INFORMACIÓN GENERAL
campo de control de longitud fija t|
008 - DATOS DE LONGITUD FIJA--INFORMACIÓN GENERAL
campo de control de longitud fija 061121s1949 ag r ||||1| spa d
100 1# - ENTRADA PRINCIPAL--NOMBRE DE PERSONA
Nombre de persona Nájera Angulo, Luis.
9 (RLIN) 84870
245 10 - MENCIÓN DEL TÍTULO
Título Importancia sanitaria de la ` disalimentación` y descripción de un índice nuevo para determinar el estado de nutrición de la población escolar /
Mención de responsabilidad, etc. por el Dr. Luis Nájera.
260 ## - PUBLICACIÓN, DISTRIBUCIÓN, ETC.
Lugar de publicación, distribución, etc. Tucuman (Argentina) :
Nombre del editor, distribuidor, etc. Universidada Nacional,
Fecha de publicación, distribución, etc. [1949]
300 ## - DESCRIPCIÓN FÍSICA
Extensión 1 h. ;
Dimensiones 24 cm.
500 ## - NOTA GENERAL
Nota general Es separata de Actas de Trabajos . Vol. 1- Nº 2- noviembre 1949.
710 2# - ENTRADA AGREGADA--NOMBRE DE ENTIDAD CORPORATIVA
Nombre de entidad corporativa o nombre de jurisdicción como elemento de entrada Universidad Nacional (Tucuman)
9 (RLIN) 7432
852 ## - LOCALIZACIÓN
Ubicación ES-MaACL
Número de control de estantería 1944-F-19
Sublocalización o colección R.31663
Holdings
Estatus retirado Estado de pérdida Estado de daño No para préstamo Colección Biblioteca de origen Biblioteca actual Ubicación en estantería Fecha de adquisición Fuente de adquisición Total de préstamos Signatura topográfica completa Código de barras Visto por última vez Precio de reemplazo Tipo de ítem Koha
        Colección de folletos Biblioteca del Ateneo de Madrid Biblioteca del Ateneo de Madrid Depósito folletos 17/01/2008     1944-F-19 1116065 23/02/2023 23/02/2023 Folleto